000 00481nam a2200169 i 4500
001 141046
003 ES-MaACL
005 20230906200218.0
007 t|
008 070919s1906 gw ||||1| ger d
100 1 _aWedekind, Frank.
_9116281
245 1 0 _aHidalla
_b: Schauspiel in 5 Akten /
_cFrank Wedekind.
250 _a2. Aufl.
260 _aMünchen :
_bEtzold,
_c[1906?]
300 _a112 p. ;
_c18 cm.
852 _aES-MaACL
_jG-216(3)
_q. - Encuadernado con otras obras
999 _c141046
_d141046